Riconosci il Pokémon - Quiz n°562 - Statistics

Statistiche generali
  • Questo quiz è stato fatto 1 volte
  • Il punteggio medio è 3 su 10
Statistiche sulle risposte
Indizio Risposta % Corretto
Tasso di cattura 70 (16.6%)
100%
Abilità Furore; Mangiaerba; Antimeteo
100%
Tipo Normale / Drago
100%
Peso 185,0 kg
0%
Altezza 3,0 m
0%
Sesso 50% ♂, 50% ♀
0%
Pokémon Drampa
0%
Tasso di allevamento Medio-Veloce
0%
Stadio evoluzione Non si evolve
0%
Generazione Settima
0%
Nessun quiz corrispondente trovato
Distribuzione punteggi
Percentuale di utenti per punteggio
Percentile per numero di risposta
I tuoi punteggi nel tempo
Non hai fatto questo quiz